00493nam a2200193Ia 4500008004100000041001200041082001200053100003900065245003700104260002400141300000800165365000700173520001100180546001200191630003700203650001100240655001100251730003700262101110s9999 xx 000 0 und d aENGLISH bSR25312 aDoctor Rhoda A. and Doctor Asp. H. aEffective communication II (BMS) c2003bSheth, Mumbai a233 b75 aB.M.S. aENGLISH aEffective communication II (BMS) aB.M.S. aB.M.S. aEffective communication II (BMS)